00404 2200145 4500001002100000008004100021035002000062245006400082100002600146260001900172300002000191082001400211650002000225990001300245INLIS000000000000101 ind  a0010-0322000101 aKIKO KUCING YANG LUCU (PENULIS ANAK CERDAS INDONESIA)cIKHA aHAMIDAH ZUNDUS PAPATE aJAKARTAbZETTU a95 hlm.c21 cm. a899.221 3 aFIKSI INDONESIA a102277-1